| 000 | 01726nam a2200265 a 4500 | ||
|---|---|---|---|
| 008 | 120416s1981 ||||||||||||||||| || u | ||
| 050 | _aTA 405 Die | ||
| 100 | _aDieter, George E | ||
| 245 | 1 | 0 | _aMechanical metallurgy |
| 250 | _a2nd ed. | ||
| 260 |
_aAuckland _bMcGraw-Hill _c1981 |
||
| 300 | _axxi, 774p. : ill. | ||
| 350 | _a0.00 | ||
| 650 | _aMINING | ||
| 650 | _aPHYSICAL METALLURGY | ||
| 650 | 0 | _aSTRENGTH OF MATERIALS | |
| 995 |
_aTEXTBOOKS (MIN.ENG.) _D0.00 _e5128 _FCBU-SCHOOL TEXTBOOK COLLECTIONS _H1 _I0.00 _jSCHOOL TEXTBOOK _M7 _UAVAILABLE _WAug 21, 2009 _y5128 _ZSchool Collections |
||
| 995 |
_aTEXTBOOKS (MIN.ENG.) _D0.00 _e5129 _FCBU-SCHOOL TEXTBOOK COLLECTIONS _H1 _I0.00 _jSCHOOL TEXTBOOK _M8 _UAVAILABLE _WAug 21, 2009 _y5129 _ZSchool Collections |
||
| 995 |
_aTEXTBOOKS (MIN.ENG.) _D0.00 _e5130 _FCBU-SCHOOL TEXTBOOK COLLECTIONS _H1 _I0.00 _jSCHOOL TEXTBOOK _M9 _UAVAILABLE _WAug 21, 2009 _y5130 _ZSchool Collections |
||
| 995 |
_aTEXTBOOKS (MIN.ENG.) _D0.00 _e5126 _FCBU-SCHOOL TEXTBOOK COLLECTIONS _H1 _I0.00 _jSCHOOL TEXTBOOK _M5 _UAVAILABLE _WAug 21, 2009 _y5126 _ZSchool Collections |
||
| 995 |
_aMAIN LIBRARY OPEN ACCESS _D0.00 _e733701 _FCBU-MAIN LIBRARY (Kitwe) _H2 _I19.85 _jTA 405 Die _M3 _UAVAILABLE _y45731 _ZMain Library Open Access Collection |
||
| 995 |
_aTEXTBOOKS (MIN.ENG.) _D0.00 _e5127 _FCBU-SCHOOL TEXTBOOK COLLECTIONS _H1 _I0.00 _jSCHOOL TEXTBOOK _M6 _UAVAILABLE _WAug 21, 2009 _y5127 _ZSchool Collections |
||
| 995 |
_aMAIN LIBRARY OPEN ACCESS _D0.00 _e714302 _FCBU-MAIN LIBRARY (Kitwe) _H1 _I19.85 _jTA 405 Die _M1 _UAVAILABLE _y014198 _ZMain Library Open Access Collection |
||
| 995 |
_aMAIN LIBRARY OPEN ACCESS _D0.00 _e714301 _FCBU-MAIN LIBRARY (Kitwe) _H3 _I19.85 _jTA 405 Die _M2 _UAVAILABLE _y025009 _ZMain Library Open Access Collection |
||
| 999 |
_c82824 _d82824 |
||